[Event "SR 2. liga A 2012/2013"]
[Site "?"]
[Date "2013.03.16"]
[Round "57.7"]
[White "Ujhelyi, Matus"]
[Black "Solar, Andrej"]
[Result "1-0"]
[WhiteElo "1977"]
[BlackElo "1786"]
[PlyCount "43"]
[EventDate "2012.??.??"]
[WhiteTeam "D. Streda B"]
[BlackTeam "KSN"]

1. e4 e5 2. Nf3 Nc6 3. Bb5 a6 4. Ba4 Be7 5. O-O Nf6 6. Re1 b5 7. Bb3 O-O 8. h3
Bb7 9. c3 Re8 10. d4 d6 11. Nbd2 Qd7 12. Nf1 Na5 13. dxe5 Nxe4 14. Bc2 d5 15.
Bxe4 Rad8 16. Bc2 b4 17. Bg5 bxc3 18. bxc3 Nc4 19. Bf4 Qc6 20. Nd4 Qb6 21. Rb1
Qc5 22. Rxb7 1-0

[Event "SR 2. liga A 2012/2013"]
[Site "?"]
[Date "2013.03.16"]
[Round "57.8"]
[White "Vrtiakova, Anna"]
[Black "Kahancova, Jana"]
[Result "1-0"]
[WhiteElo "1699"]
[BlackElo "1597"]
[PlyCount "60"]
[EventDate "2012.??.??"]
[WhiteTeam "KSN"]
[BlackTeam "D. Streda B"]

1. e4 e5 2. Nf3 Nc6 3. Nc3 Nf6 4. Bb5 d6 5. d4 Bd7 6. d5 Ne7 7. Bxd7+ Qxd7 8.
Qe2 Ng6 9. O-O Be7 10. a3 O-O 11. b4 a6 12. Bd2 Ne8 13. Nd1 f5 14. exf5 Rxf5
15. c4 Nf4 16. Bxf4 Rxf4 17. Nc3 c6 18. Rad1 Rc8 19. c5 Rf5 20. Rfe1 Qc7 21.
dxc6 Qxc6 22. Qc4+ Kf8 23. Nd5 Rf7 24. Qe4 Nf6 25. Nxf6 Rxf6 26. Qxc6 Rxc6 27.
cxd6 Bxd6 28. Nxe5 Rc7 29. h3 g6 30. Ng4 Rf5 1-0

[Event "SR 2. liga A 2012/2013"]
[Site "?"]
[Date "2013.03.16"]
[Round "58.1"]
[White "Dolnak, Michal"]
[Black "Certek, Pavel"]
[Result "1/2-1/2"]
[WhiteElo "2115"]
[BlackElo "2315"]
[PlyCount "120"]
[EventDate "2012.??.??"]
[WhiteTeam "Krasnany"]
[BlackTeam "DP BA"]

1. d4 Nf6 2. c4 g6 3. Nc3 d5 4. cxd5 Nxd5 5. e4 Nxc3 6. bxc3 Bg7 7. Bb5+ c6 8.
Ba4 O-O 9. Ne2 b6 10. Be3 Ba6 11. O-O e5 12. Rc1 Bc4 13. Qd2 Qc8 14. Bb3 Qa6
15. Bxc4 Qxc4 16. f4 exf4 17. Bxf4 Nd7 18. Ng3 f6 19. Rf2 Rad8 20. Qe3 Rfe8 21.
h4 f5 22. Bg5 Rc8 23. e5 Nf8 24. Ne2 Ne6 25. Nf4 c5 26. Nxe6 Rxe6 27. Qf3 Ree8
28. Rd1 Rc7 29. Re2 cxd4 30. cxd4 Rd7 31. Red2 Qe6 32. Rc1 Rd5 33. Qc3 h6 34.
Bf4 Red8 35. Qe3 Kh7 36. Rc7 R8d7 37. Qc3 Rxc7 38. Qxc7 Rd7 39. Qc8 Qd5 40. Qc2
h5 41. Qb3 Qe4 42. Qd3 Qd5 43. Bg5 Qe6 44. Qb3 Rd5 45. Rc2 Qd7 46. Rc7 Qxc7 47.
Qxd5 Qc3 48. Kh2 Qe1 49. Qf3 Kg8 50. Qb3+ Kh7 51. Qg3 Qd1 52. Qe3 b5 53. Bf6
Bh6 54. Qf3 Qxd4 55. Qb7+ Kg8 56. Qc8+ Kf7 57. Qc7+ Kg8 58. Qc8+ Kf7 59. Qb7+
Kg8 60. Qc8+ Kf7 1/2-1/2

[Event "SR 2. liga A 2012/2013"]
[Site "?"]
[Date "2013.03.16"]
[Round "58.2"]
[White "Kleman, Miroslav"]
[Black "Slacky, Stanislav"]
[Result "1/2-1/2"]
[WhiteElo "2187"]
[BlackElo "2198"]
[PlyCount "69"]
[EventDate "2012.??.??"]
[WhiteTeam "DP BA"]
[BlackTeam "Krasnany"]

1. b3 Nf6 2. Bb2 g6 3. Nf3 Bg7 4. c4 O-O 5. e3 c5 6. Be2 Nc6 7. O-O d5 8. cxd5
Nxd5 9. Bxg7 Kxg7 10. Qc2 Qd6 11. Qb2+ f6 12. a3 Bg4 13. d3 Rfd8 14. Nbd2 Bxf3
15. Nxf3 Rac8 16. Rac1 b6 17. Rfd1 Rc7 18. Bf1 e5 19. g3 Qe6 20. Nd2 Rcd7 21.
Ne4 Nde7 22. Be2 Nf5 23. Qc3 a5 24. Qc4 Kf7 25. Qb5 Na7 26. Qc4 Nd6 27. Qc2
Nxe4 28. dxe4 Ke7 29. Kg2 Rxd1 30. Rxd1 Rxd1 31. Qxd1 Qd6 32. Qc2 Nc6 33. Qc4
Kd7 34. Qg8 Qe7 35. Bg4+ 1/2-1/2

[Event "SR 2. liga A 2012/2013"]
[Site "?"]
[Date "2013.03.16"]
[Round "58.3"]
[White "Bronis, Marian"]
[Black "Janos, Jozef"]
[Result "1-0"]
[WhiteElo "2165"]
[BlackElo "2152"]
[PlyCount "103"]
[EventDate "2012.??.??"]
[WhiteTeam "Krasnany"]
[BlackTeam "DP BA"]

1. d4 d5 2. c4 e6 3. Nc3 Nf6 4. cxd5 exd5 5. Bg5 c6 6. e3 Bf5 {=} 7. Qf3 Bg6 8.
Bxf6 Qxf6 9. Qxf6 gxf6 10. f3 Nd7 11. Kf2 O-O-O 12. Nh3 Bd6 13. Nf4 Nf8 14. g3
Ne6 15. h4 h5 16. Bh3 f5 17. Rac1 Kb8 18. Nd3 Rhe8 19. Rhe1 Nf8 {=} 20. Ne2 Nd7
21. Nef4 Re7 22. Bf1 a5 23. a3 a4 24. Nb4 Rc8 25. Rc3 Nb6 26. Rec1 Rce8 27. b3
Bxf4 28. gxf4 Re6 29. bxa4 Nxa4 30. Rb3 Ka7 31. Rcb1 R8e7 32. Nc2 b5 33. Nb4 f6
34. Rc1 Kb7 35. Nxc6 Rxc6 36. Rxc6 Kxc6 37. Bxb5+ Kd6 38. Bxa4 Rc7 39. Rb6+ Ke7
40. Bc6 Rc8 41. Bxd5 Rc2+ 42. Kg3 Rc3 43. Re6+ Kf8 44. a4 Ra3 45. Bc6 Kg7 46.
d5 Bf7 47. Re7 Kf8 48. Ra7 Rxe3 49. a5 Rd3 50. a6 Bxd5 51. Bxd5 Rxd5 52. Rb7
1-0

[Event "SR 2. liga A 2012/2013"]
[Site "?"]
[Date "2013.03.16"]
[Round "58.4"]
[White "Tepper, Frantisek"]
[Black "Biro, Karol"]
[Result "1/2-1/2"]
[WhiteElo "2162"]
[BlackElo "2156"]
[PlyCount "21"]
[EventDate "2012.??.??"]
[WhiteTeam "DP BA"]
[BlackTeam "Krasnany"]

1. e4 c5 2. Nf3 Nc6 3. Bb5 g6 4. O-O Bg7 5. c3 e5 6. d3 Nge7 7. Be3 d6 8. Na3
O-O 9. h3 a6 10. Ba4 b5 11. Bb3 1/2-1/2

[Event "SR 2. liga A 2012/2013"]
[Site "?"]
[Date "2013.03.16"]
[Round "58.5"]
[White "Petreje, Juraj"]
[Black "Fabry, Robert"]
[Result "1/2-1/2"]
[WhiteElo "2150"]
[BlackElo "2165"]
[PlyCount "22"]
[EventDate "2012.??.??"]
[WhiteTeam "Krasnany"]
[BlackTeam "DP BA"]

1. d4 Nf6 2. c4 e6 3. Bg5 d5 4. e3 c6 5. Nc3 Nbd7 6. Nf3 Qa5 7. Nd2 Bb4 8. Qc2
O-O 9. Nb3 Qd8 10. a3 Be7 11. Be2 dxc4 1/2-1/2

[Event "SR 2. liga A 2012/2013"]
[Site "?"]
[Date "2013.03.16"]
[Round "58.6"]
[White "Mikulas, Dusan"]
[Black "Kebis, Milos"]
[Result "1/2-1/2"]
[WhiteElo "2102"]
[BlackElo "2002"]
[PlyCount "62"]
[EventDate "2012.??.??"]
[WhiteTeam "DP BA"]
[BlackTeam "Krasnany"]

1. e4 e5 2. Nf3 Nc6 3. Bb5 Nf6 4. O-O d6 5. Re1 Be7 6. c3 O-O 7. h3 Bd7 8. d4
a6 9. Bd3 b5 10. Nbd2 exd4 11. Nxd4 Ne5 12. Bc2 c5 13. N4f3 Re8 14. Nf1 Bf8 15.
Nxe5 dxe5 16. Qf3 Qb6 17. Ng3 g6 18. Bg5 Bg7 19. Rad1 Rad8 20. Qe3 Qc7 21. Qf3
Qb6 22. b4 cxb4 23. cxb4 h6 24. Be3 Qc7 25. Bb3 Be6 26. Bxh6 Bxb3 27. Rxd8 Rxd8
28. Bxg7 Kxg7 29. Qxb3 Rd2 30. Rd1 Qd6 31. Rxd2 Qxd2 1/2-1/2

[Event "SR 2. liga A 2012/2013"]
[Site "?"]
[Date "2013.03.16"]
[Round "58.7"]
[White "Povysil, Peter"]
[Black "Kuna, Vladimir"]
[Result "1-0"]
[WhiteElo "1993"]
[BlackElo "2016"]
[PlyCount "65"]
[EventDate "2012.??.??"]
[WhiteTeam "Krasnany"]
[BlackTeam "DP BA"]

1. e4 c5 2. Nf3 d6 3. c3 Nf6 4. h3 e6 5. Bd3 Be7 6. O-O O-O 7. Bc2 b6 8. Re1
Bb7 9. d4 cxd4 10. cxd4 Na6 11. Nc3 Rc8 12. Bf4 Nh5 13. Bh2 g6 14. Qd2 Nb4 15.
Bb1 Re8 16. a3 Nc6 17. g4 Ng7 18. Ba2 a6 19. Rad1 b5 20. d5 Ne5 21. Nxe5 dxe5
22. Bxe5 exd5 23. exd5 Bd6 24. Qf4 Rxe5 25. Rxe5 f6 26. Qf3 fxe5 27. Ne4 Qe7
28. Bb1 Rf8 29. Qe3 Ne8 30. Qh6 Qf7 31. Rd2 Qf4 32. Ng5 Nf6 33. Bxg6 {(time)}
1-0

[Event "SR 2. liga A 2012/2013"]
[Site "?"]
[Date "2013.03.16"]
[Round "58.8"]
[White "Hecht, Tomas"]
[Black "Kohlman, Robert"]
[Result "1/2-1/2"]
[WhiteElo "1963"]
[BlackElo "2184"]
[PlyCount "32"]
[EventDate "2012.??.??"]
[WhiteTeam "DP BA"]
[BlackTeam "Krasnany"]

1. e4 c5 2. c3 g6 3. d4 Bg7 4. dxc5 Na6 5. Bxa6 bxa6 6. Be3 Bb7 7. f3 Qc7 8.
Ne2 Nf6 9. O-O O-O 10. Nd2 Rab8 11. b4 a5 12. Rb1 Ba6 13. a4 Bd3 14. Rb3 d5 15.
cxd6 exd6 16. Re1 d5 1/2-1/2

[Event "SR 2. liga A 2012/2013"]
[Site "?"]
[Date "2013.03.16"]
[Round "59.1"]
[White "Pagerka, Martin"]
[Black "Hajek, Lukas"]
[Result "1-0"]
[WhiteElo "2261"]
[BlackElo "2155"]
[PlyCount "69"]
[EventDate "2012.??.??"]
[WhiteTeam "Osuske B"]
[BlackTeam "Doprastav C"]

1. c4 c5 2. Nc3 Nf6 3. g3 g6 4. Bg2 Bg7 5. e3 O-O 6. Nge2 d6 7. O-O a6 8. b3
Nbd7 9. Bb2 Rb8 10. d4 b5 11. cxb5 axb5 12. dxc5 dxc5 13. Rc1 Qb6 14. Qc2 Bb7
15. e4 Ba6 16. Rfd1 Rfd8 17. Nf4 e6 18. Nd3 c4 19. Ne1 Nc5 20. b4 Ncd7 21. h3
Rbc8 22. Qe2 Nb8 23. e5 Nh5 24. Ne4 Nc6 25. Nd6 Nxg3 26. Qg4 Nf5 27. Nxc8 Rxc8
28. Rd7 Nxe5 29. Bxe5 Bxe5 30. Nf3 Bf6 31. Ng5 Be7 32. Qf4 Bd6 33. Qe4 Rc7 34.
Qa8+ Kg7 35. Nxe6+ 1-0

[Event "SR 2. liga A 2012/2013"]
[Site "?"]
[Date "2013.03.16"]
[Round "59.2"]
[White "Danada, Tomas"]
[Black "Jozefek, Michal"]
[Result "0-1"]
[WhiteElo "2098"]
[BlackElo "2060"]
[PlyCount "86"]
[EventDate "2012.??.??"]
[WhiteTeam "Doprastav C"]
[BlackTeam "Osuske B"]

1. c4 Nf6 2. Nc3 e5 3. e3 Bb4 4. Nge2 O-O 5. a3 Bxc3 6. Nxc3 d5 7. cxd5 Nxd5 8.
Qb3 Nb6 9. Be2 Be6 10. Qc2 a5 11. Ne4 Bd5 12. O-O f5 13. Nc5 Qd6 14. d3 N8d7
15. Nxd7 Nxd7 16. Bd2 Nc5 17. Bc3 Bb3 18. Qc1 Ne6 19. Bd1 Bd5 20. Bc2 c5 21. a4
b6 22. b3 Rae8 23. Qb2 Ng5 24. f4 exf4 25. e4 fxe4 26. dxe4 Nxe4 27. Bxg7 Rf7
28. Bxe4 Bxe4 29. Rad1 Qg6 30. Bc3 f3 31. g3 Bd3 32. Rf2 Re2 33. Qc1 h6 34.
Rdf1 Rxf2 35. Rxf2 Be2 36. Be1 Rd7 37. Qf4 Rd1 38. Qb8+ Kg7 39. Qc7+ Kf8 40.
Qf4+ Kg7 41. Qc7+ Qf7 42. Qe5+ Qf6 43. Rxe2 f2+ 0-1

[Event "SR 2. liga A 2012/2013"]
[Site "?"]
[Date "2013.03.16"]
[Round "59.3"]
[White "Spacek, Oliver"]
[Black "Petrik, Stanislav"]
[Result "1-0"]
[WhiteElo "1977"]
[BlackElo "2171"]
[PlyCount "91"]
[EventDate "2012.??.??"]
[WhiteTeam "Osuske B"]
[BlackTeam "Doprastav C"]

1. d4 Nf6 2. c4 e6 3. g3 d5 4. Bg2 dxc4 5. Qa4+ Nbd7 6. Nf3 a6 7. Nc3 Rb8 8.
Qxc4 b5 9. Qd3 Bb7 10. O-O Bd6 11. Bf4 Bxf4 12. gxf4 c5 13. b3 Qc7 14. e3 O-O
15. Rac1 Rfc8 16. f5 e5 17. d5 b4 18. Ne4 Nxd5 19. Nfd2 Rd8 20. Rfd1 Rbc8 21.
Qc2 Kh8 22. Nc4 N7f6 23. Nxf6 gxf6 24. Bxd5 Bxd5 25. e4 Ba8 26. Rxd8+ Qxd8 27.
Rd1 Qg8+ 28. Kf1 Qg4 29. Nd6 Rg8 30. Nxf7+ Kg7 31. Rd7 Qh3+ 32. Ke2 Qh5+ 33.
Kf1 Qh3+ 34. Ke2 Qh5+ 35. Kd2 Rf8 36. Ng5+ Kh6 37. Rxh7+ Kxg5 38. Rxh5+ Kxh5
39. Qxc5 Rf7 40. Ke3 Bb7 41. Qxb4 Kg4 42. Qc4 Rg7 43. Qe6 Kh3 44. Qxf6 Rg4 45.
f3 Rh4 46. Qxe5 1-0

[Event "SR 2. liga A 2012/2013"]
[Site "?"]
[Date "2013.03.16"]
[Round "59.4"]
[White "Petrik, Karol"]
[Black "Gasa, Patrik"]
[Result "1-0"]
[WhiteElo "2091"]
[BlackElo "1906"]
[PlyCount "73"]
[EventDate "2012.??.??"]
[WhiteTeam "Doprastav C"]
[BlackTeam "Osuske B"]

1. e4 c5 2. Ne2 Nc6 3. Nbc3 g6 4. g3 Bg7 5. Bg2 e6 6. O-O Nge7 7. d3 O-O 8. Be3
b6 9. Qd2 Re8 10. Rae1 Bb7 11. Bh6 Bh8 12. Bg5 d6 13. g4 Ne5 14. h3 f6 15. Bf4
a6 16. Bg3 Nf7 17. f4 f5 18. Bh4 Qd7 19. Ng3 fxg4 20. hxg4 Nh6 21. f5 Nf7 22.
Kh1 Rf8 23. Nce2 e5 24. Kh2 Rae8 25. Bh3 Nd8 26. Rf2 Rf7 27. Ref1 Ref8 28. Kg1
Bc8 29. Qe3 Qc7 30. Kh2 Qd7 31. Ng1 Qc7 32. Nf3 gxf5 33. gxf5 Ndc6 34. Ng5 d5
35. Nxf7 Rxf7 36. Rg2 Nd4 37. Qh6 1-0

[Event "SR 2. liga A 2012/2013"]
[Site "?"]
[Date "2013.03.16"]
[Round "59.5"]
[White "Pericka, Tomas"]
[Black "Polacik, Igor"]
[Result "0-1"]
[WhiteElo "2029"]
[BlackElo "2172"]
[PlyCount "88"]
[EventDate "2012.??.??"]
[WhiteTeam "Osuske B"]
[BlackTeam "Doprastav C"]

1. e4 c5 2. Nf3 Nc6 3. Bb5 g6 4. O-O Bg7 5. c3 Nf6 6. Re1 O-O 7. d4 cxd4 8.
cxd4 d5 9. e5 Ne8 10. Nc3 Bg4 11. h3 Bxf3 12. gxf3 e6 13. Be3 Qh4 14. Bf1 f6
15. f4 f5 16. Qf3 Bh6 17. Qg3 Qe7 18. a3 Kh8 19. h4 Ng7 20. h5 Nxh5 21. Qh2
Bxf4 22. Bxf4 Nxd4 23. Bg2 Nxf4 24. Qxf4 Nc2 25. Nb5 g5 26. Qd2 Nxa1 27. Rxa1
Qg7 28. Re1 f4 29. Nd4 Rae8 30. f3 h5 31. Kf2 Qg6 32. Bf1 g4 33. fxg4 hxg4 34.
Qd3 Kg7 35. Qxg6+ Kxg6 36. Bd3+ Kg5 37. Rh1 Rf7 38. Rg1 f3 39. Ke3 f2 40. Rf1
g3 41. Nf3+ Kg4 42. Be2 g2 43. Rxf2 Kg3 44. Bd1 Ref8 0-1

[Event "SR 2. liga A 2012/2013"]
[Site "?"]
[Date "2013.03.16"]
[Round "59.6"]
[White "Krajnak, Robert"]
[Black "Spacek, Marcel"]
[Result "1-0"]
[WhiteElo "2075"]
[BlackElo "1846"]
[PlyCount "78"]
[EventDate "2012.??.??"]
[WhiteTeam "Doprastav C"]
[BlackTeam "Osuske B"]

1. c4 Nf6 2. Nf3 g6 3. Nc3 Bg7 4. g3 O-O 5. Bg2 d6 6. O-O c6 7. d3 Qc7 8. Bd2
Na6 9. Rb1 e5 10. b4 h6 11. Qc2 Be6 12. Rfc1 Rac8 13. Qa4 Nd7 14. Be1 Qb8 15.
Qa3 Qc7 16. Nd2 f5 17. Nd5 Qd8 18. b5 Nac5 19. bxc6 bxc6 20. Nb4 Nb8 21. Qxa7
Rf7 22. Qa3 Bf8 23. Qc3 Ra7 24. Nb3 Na4 25. Qd2 Qd7 26. d4 Qf7 27. d5 cxd5 28.
cxd5 Bd7 29. Rxc8 Bxc8 30. Nc6 Nxc6 31. dxc6 Be6 32. Na5 Nc5 33. a4 e4 34. Qd4
Qc7 35. Qf6 Bf7 36. Bc3 Ba2 37. Qxg6+ Bg7 38. Rb2 Bd5 39. Bxg7 Qxg7 1-0

[Event "SR 2. liga A 2012/2013"]
[Site "?"]
[Date "2013.03.16"]
[Round "59.7"]
[White "Ocko, Martin"]
[Black "Goga, Frantisek"]
[Result "1-0"]
[WhiteElo "1661"]
[BlackElo "1944"]
[PlyCount "71"]
[EventDate "2012.??.??"]
[WhiteTeam "Osuske B"]
[BlackTeam "Doprastav C"]

1. e4 c5 2. Nf3 d6 3. d4 cxd4 4. Nxd4 Nf6 5. Nc3 a6 6. Be2 e5 7. Nf3 Be7 8. O-O
O-O 9. a4 h6 10. h3 Be6 11. Be3 Nbd7 12. Qd2 Rc8 13. Rfd1 Nb6 14. a5 Nc4 15.
Bxc4 Rxc4 16. Bb6 Qc8 17. Qe3 Nd7 18. Rd3 Nxb6 19. Qxb6 f5 20. Nd2 fxe4 21.
Ndxe4 Rxe4 22. Nxe4 d5 23. Rc3 Qd7 24. Rc7 Bd8 25. Rxd7 Bxb6 26. Rd6 dxe4 27.
Rxb6 Bd5 28. b4 Rc8 29. Rd1 Bc6 30. c4 Ba4 31. Rc1 Bb5 32. Rxb7 Rxc4 33. Rxc4
Bxc4 34. Re7 Bd3 35. Rxe5 Kf7 36. b5 1-0

[Event "SR 2. liga A 2012/2013"]
[Site "?"]
[Date "2013.03.16"]
[Round "59.8"]
[White "Farkas, Vladimir"]
[Black "Pipiska, Adam"]
[Result "1-0"]
[WhiteElo "1898"]
[BlackElo "1674"]
[PlyCount "101"]
[EventDate "2012.??.??"]
[WhiteTeam "Doprastav C"]
[BlackTeam "Osuske B"]

1. g3 e5 2. Bg2 Bc5 3. d3 Nf6 4. e4 O-O 5. Nc3 d6 6. Na4 Bb6 7. Nxb6 axb6 8.
Ne2 h6 9. O-O Be6 10. a3 Qd7 11. f4 exf4 12. Bxf4 Nc6 13. Bxh6 Ng4 14. Bd2 Nge5
15. Bc3 Bh3 16. Qd2 Bxg2 17. Kxg2 d5 18. Qf4 Ng6 19. Qf5 Qxf5 20. exf5 Rfe8 21.
Rae1 Nge7 22. Rf2 f6 23. g4 Ra4 24. h3 b5 25. Nf4 d4 26. Bd2 Ne5 27. Bb4 N7c6
28. Bd2 Re7 29. Ne6 b4 30. Nc5 Ra7 31. axb4 Ra2 32. Rb1 b6 33. Ne6 Ra4 34. b5
Na7 35. b3 Ra2 36. Nxd4 Rd7 37. Be3 Rd5 38. c4 Rxf2+ 39. Bxf2 Rd6 40. Rd1 Kf7
41. Kg3 Nc8 42. Kf4 Rd7 43. Ke4 Nd6+ 44. Kf4 Nb7 45. b4 Nd6 46. Ke3 Kf8 47. Ra1
Ke7 48. Bg3 Nef7 49. Ra8 Ng5 50. h4 Ngf7 51. Nc6# 1-0

[Event "SR 2. liga A 2012/2013"]
[Site "?"]
[Date "2013.03.16"]
[Round "60.1"]
[White "Skara, Vladimir"]
[Black "Zatko, Gregor"]
[Result "1/2-1/2"]
[WhiteElo "2222"]
[BlackElo "2148"]
[PlyCount "72"]
[EventDate "2012.??.??"]
[WhiteTeam "Modra B"]
[BlackTeam "DNV B"]

1. e4 g6 2. d4 Bg7 3. Nc3 d6 4. h3 a6 5. Be3 Nd7 6. f4 b5 7. a4 b4 8. Na2 c5 9.
c3 bxc3 10. bxc3 Qa5 11. Bd3 cxd4 12. Bf2 dxc3 13. Rc1 Rb8 14. Ne2 Ngf6 15. O-O
O-O 16. Naxc3 Bb7 17. Kh2 Nc5 18. Bxc5 Qxc5 19. Nd5 Nxd5 20. Rxc5 Ne3 21. Qc1
Nxf1+ 22. Qxf1 dxc5 23. Ng3 Bh6 24. h4 Bc6 25. Bxa6 Bxa4 26. h5 Bb3 27. f5 Rb4
28. Qf3 Bg7 29. Qg4 Rb6 30. Qe2 Be5 31. Bc4 Rb4 32. Bd3 c4 33. Bb1 Ba4 34. Ba2
Bb3 35. hxg6 Bxa2 36. Qh5 Bxg3+ 1/2-1/2

[Event "SR 2. liga A 2012/2013"]
[Site "?"]
[Date "2013.03.16"]
[Round "60.2"]
[White "Toth_Vano, Peter"]
[Black "Federic, Jozef"]
[Result "0-1"]
[WhiteElo "2023"]
[BlackElo "2299"]
[PlyCount "50"]
[EventDate "2012.??.??"]
[WhiteTeam "DNV B"]
[BlackTeam "Modra B"]

1. e4 c5 2. Nf3 e6 3. d4 cxd4 4. Nxd4 Nf6 5. Bd3 Nc6 6. Nxc6 bxc6 7. O-O e5 8.
Be3 d6 9. f3 Be7 10. c4 O-O 11. Nc3 Be6 12. Qd2 Qc7 13. g4 Kh8 14. h4 Qb7 15.
g5 Nh5 16. Kh2 Rad8 17. Ne2 d5 18. c5 dxe4 19. fxe4 Bc4 20. Nc1 Rxd3 21. Nxd3
Rd8 22. Qe2 Rxd3 23. Qxh5 Rxe3 24. Rf2 Qd7 25. Rf3 Be2 0-1

[Event "SR 2. liga A 2012/2013"]
[Site "?"]
[Date "2013.03.16"]
[Round "60.3"]
[White "Federic, Pavol"]
[Black "Svaralova, Monika"]
[Result "1-0"]
[WhiteElo "2192"]
[BlackElo "2021"]
[PlyCount "55"]
[EventDate "2012.??.??"]
[WhiteTeam "Modra B"]
[BlackTeam "DNV B"]

1. e4 e6 2. d4 d5 3. exd5 exd5 4. c4 dxc4 5. Bxc4 Bd6 6. Nf3 Nf6 7. O-O O-O 8.
Nc3 Bg4 9. h3 Bh5 10. Bg5 Nbd7 11. Re1 c6 12. g4 Bg6 13. Ne5 Qb6 14. h4 Qxb2
15. Rc1 Rae8 16. Bxf6 Nxf6 17. h5 Bxe5 18. dxe5 Nxg4 19. Qxg4 Bc2 20. Na4 Bxa4
21. h6 g6 22. Qf4 Re6 23. Rb1 Qc2 24. Rxb7 Qf5 25. Qxf5 gxf5 26. Bxe6 fxe6 27.
Kh2 Rf7 28. Rb8+ 1-0

[Event "SR 2. liga A 2012/2013"]
[Site "?"]
[Date "2013.03.16"]
[Round "60.4"]
[White "Szollos, Ondrej"]
[Black "Mydlarik, Martin"]
[Result "1/2-1/2"]
[WhiteElo "1979"]
[BlackElo "2114"]
[PlyCount "128"]
[EventDate "2012.??.??"]
[WhiteTeam "DNV B"]
[BlackTeam "Modra B"]

1. Nf3 d5 2. b3 Nf6 3. e3 Bf5 4. Be2 e6 5. O-O Bd6 6. Ba3 c5 7. c4 dxc4 8. Bxc4
O-O 9. Nc3 a6 10. Bb2 Nc6 11. Nh4 Ng4 12. g3 Nxh2 13. Nxf5 Nxf1 14. Nxd6 Nxg3
15. fxg3 Qxd6 16. Ne4 Qe7 17. Qg4 e5 18. Rf1 Kh8 19. Ng5 f5 20. Rxf5 Rxf5 21.
Qxf5 g6 22. Nf7+ Kg7 23. Qe4 Re8 24. Bd5 Qf6 25. Bxc6 Qxc6 26. Qxc6 bxc6 27.
Nxe5 Kf6 28. Nxc6+ Kf5 29. Kf2 Ke4 30. Ke2 h5 31. d3+ Kd5 32. Na5 g5 33. Bf6
Rg8 34. Be7 Ke6 35. Bxc5 h4 36. gxh4 gxh4 37. Nc4 h3 38. Bd6 Rg2+ 39. Kf3 Rxa2
40. Ke4 Rc2 41. Be5 h2 42. Bxh2 Rxh2 43. Kd4 Rh5 44. e4 Rh3 45. b4 Rg3 46. Na5
Rg8 47. Nb7 Rb8 48. Nc5+ Kf7 49. Kc4 Rb6 50. d4 Ke7 51. e5 Rh6 52. Kd5 Rb6 53.
Nd3 Kd7 54. Kc4 Rh6 55. d5 Rh4+ 56. Kc5 Rh3 57. Nb2 Rc3+ 58. Nc4 Rc1 59. Kd4
Rd1+ 60. Kc3 Rxd5 61. Nb6+ Ke6 62. Nxd5 Kxd5 63. Kb3 Kxe5 64. Ka4 Kd5 1/2-1/2

[Event "SR 2. liga A 2012/2013"]
[Site "?"]
[Date "2013.03.16"]
[Round "60.5"]
[White "Kundrak, Vladimir"]
[Black "Lobodas, Andrej"]
[Result "0-1"]
[WhiteElo "1964"]
[BlackElo "1881"]
[PlyCount "50"]
[EventDate "2012.??.??"]
[WhiteTeam "Modra B"]
[BlackTeam "DNV B"]

1. b3 e5 2. Bb2 Nc6 3. e3 d5 4. Bb5 e4 5. d3 Qg5 6. Kf1 Bg4 7. Qd2 f5 8. Ne2
Bxe2+ 9. Qxe2 Bd6 10. c4 Nge7 11. cxd5 Nxd5 12. Bxc6+ bxc6 13. dxe4 fxe4 14.
Nc3 O-O 15. Nxd5 cxd5 16. Kg1 Rf7 17. Rf1 Raf8 18. Bc3 Bc5 19. Bd4 Bxd4 20.
exd4 Rf3 21. h4 Qg6 22. Kh2 R8f4 23. g3 Rxh4+ 24. gxh4 Qg4 25. Qxf3 exf3 0-1

[Event "SR 2. liga A 2012/2013"]
[Site "?"]
[Date "2013.03.16"]
[Round "60.6"]
[White "Jurcak, Marian"]
[Black "Sustak, Roman"]
[Result "1-0"]
[WhiteElo "1872"]
[BlackElo "1917"]
[PlyCount "97"]
[EventDate "2012.??.??"]
[WhiteTeam "DNV B"]
[BlackTeam "Modra B"]

1. d4 Nf6 2. c4 d6 3. Nc3 g6 4. e4 Bg7 5. f4 O-O 6. Nf3 c5 7. Be2 cxd4 8. Nxd4
Qb6 9. Bf3 Nxe4 10. Bxe4 Bxd4 11. Nd5 Bf2+ 12. Kf1 Qd4 13. Qxd4 Bxd4 14. Nc7
Nd7 15. Nxa8 Nc5 16. Bf3 Be6 17. Nc7 Bxc4+ 18. Be2 Nd3 19. Rb1 Bxa2 20. Bxd3
Bxb1 21. Bxb1 Rc8 22. Ke2 Rxc7 23. Rd1 Bc5 24. Bd2 Kf8 25. f5 Ke8 26. Bd3 a6
27. Ra1 Bd4 28. Ra2 d5 29. b3 Kd7 30. Ra4 Bf6 31. g4 g5 32. Ra5 e6 33. fxe6+
fxe6 34. Bxh7 Bc3 35. Ra2 Bxd2 36. Rxd2 Kd6 37. Bc2 Rc3 38. Kf2 Kc5 39. Bd1 e5
40. Rc2 Kb4 41. Rxc3 Kxc3 42. h4 Kd2 43. hxg5 Kxd1 44. g6 Kd2 45. g7 e4 46.
g8=Q e3+ 47. Kf3 d4 48. Qd5 d3 49. Qa5+ 1-0

[Event "SR 2. liga A 2012/2013"]
[Site "?"]
[Date "2013.03.16"]
[Round "60.7"]
[White "Soldan, Jan"]
[Black "Galan, Anton"]
[Result "0-1"]
[WhiteElo "1837"]
[BlackElo "1809"]
[PlyCount "52"]
[EventDate "2012.??.??"]
[WhiteTeam "Modra B"]
[BlackTeam "DNV B"]

1. e4 Nf6 2. e5 Nd5 3. Nf3 e6 4. c3 c5 5. a3 Nc6 6. Be2 Nf4 7. g3 Nxe2 8. Qxe2
Qc7 9. d4 cxd4 10. cxd4 Nxd4 11. Nxd4 Qxc1+ 12. Qd1 Qxb2 13. O-O Qxa1 14. Qd2
a6 15. Re1 Bxa3 16. Nc2 Qb2 17. Nbxa3 O-O 18. Nc4 Qb3 19. Nd6 b5 20. Nd4 Qd5
21. Qf4 f6 22. N4f5 exf5 23. Nxf5 Qf7 24. Qg4 Kh8 25. f4 fxe5 26. Rxe5 d6 0-1

[Event "SR 2. liga A 2012/2013"]
[Site "?"]
[Date "2013.03.17"]
[Round "61.1"]
[White "Mihalik, Marek"]
[Black "Sipos, Istvan"]
[Result "0-1"]
[WhiteElo "2019"]
[BlackElo "2459"]
[PlyCount "100"]
[EventDate "2012.??.??"]
[WhiteTeam "Piestany"]
[BlackTeam "Gabcikovo"]

1. d4 Nf6 2. Nf3 c5 3. e3 g6 4. c3 b6 5. Bd3 Bb7 6. O-O Bg7 7. Re1 d5 8. Nbd2
O-O 9. b3 Nbd7 10. Bb2 Rc8 11. Rc1 Re8 12. Ne5 e6 13. Ndf3 Re7 14. Qe2 Ne4 15.
Nxd7 Rxd7 16. Nd2 Nd6 17. Bb1 Rdc7 18. Nf1 Qh4 19. Ng3 h5 20. Nf1 Ne4 21. Ng3
cxd4 22. cxd4 Rxc1 23. Rxc1 Rxc1+ 24. Bxc1 Nc3 25. Qc2 Nxb1 26. Qxb1 Bf8 27.
Ne2 Bd6 28. h3 Qe7 29. Bb2 Ba6 30. Nf4 Qd7 31. g3 Kg7 32. Kg2 Qb5 33. Qd1 Qa5
34. a4 b5 35. Qc2 bxa4 36. bxa4 Bc4 37. Bc3 Qa6 38. a5 Bf1+ 39. Kh2 Qc4 40. Qd2
g5 41. Ng2 Kf8 42. Ne1 Ke8 43. Kg1 Bxh3 44. Nd3 f6 45. Kh2 Bf5 46. Nc5 Qf1 47.
Nb7 Bc7 48. Nc5 h4 49. Qa2 hxg3+ 50. fxg3 Bxg3+ 0-1

[Event "SR 2. liga A 2012/2013"]
[Site "?"]
[Date "2013.03.17"]
[Round "61.2"]
[White "Janko, Michal"]
[Black "Manak, Jozef"]
[Result "1-0"]
[WhiteElo "2294"]
[BlackElo "2020"]
[PlyCount "35"]
[EventDate "2012.??.??"]
[WhiteTeam "Gabcikovo"]
[BlackTeam "Piestany"]

1. d4 d5 2. c4 e6 3. Nc3 Nf6 4. cxd5 exd5 5. Bg5 Be7 6. Qc2 O-O 7. e3 c6 8. Bd3
h6 9. Bh4 Be6 10. Nge2 Re8 11. O-O Nbd7 12. f3 c5 13. Nf4 Nf8 14. Bxf6 Bxf6 15.
dxc5 a6 16. Rad1 Rc8 17. Ncxd5 Bxd5 18. Nxd5 1-0

[Event "SR 2. liga A 2012/2013"]
[Site "?"]
[Date "2013.03.17"]
[Round "61.3"]
[White "Stepanovic, Branislav"]
[Black "Janko, Ladislav"]
[Result "0-1"]
[WhiteElo "1992"]
[BlackElo "2212"]
[PlyCount "86"]
[EventDate "2012.??.??"]
[WhiteTeam "Piestany"]
[BlackTeam "Gabcikovo"]

1. e4 c5 2. Nf3 Nc6 3. d4 cxd4 4. Nxd4 Nf6 5. Nc3 g6 6. Be3 Bg7 7. f3 O-O 8.
Qd2 d5 9. exd5 Nxd5 10. Nxd5 Qxd5 11. c4 Qd6 12. Rd1 Nxd4 13. Bxd4 Bxd4 14.
Qxd4 Qxd4 15. Rxd4 Be6 16. Bd3 Rfd8 17. Rxd8+ Rxd8 18. Ke2 Kg7 19. Rc1 f5 20.
f4 Kf6 21. h4 Bf7 22. Kd2 e5 23. fxe5+ Kxe5 24. Kc3 Kf4 25. Re1 Rd7 26. h5 Kg3
27. hxg6 hxg6 28. Re2 f4 29. Be4 g5 30. b4 g4 31. Rd2 Rxd2 32. Kxd2 Bxc4 33.
Bxb7 Bxa2 34. Kd3 Bb3 35. Ke2 Bc4+ 36. Ke1 Bb5 37. Bd5 Be8 38. Bb7 Bh5 39. Bc6
Kh2 40. Ke2 g3+ 41. Ke1 f3 42. Kf1 fxg2+ 43. Bxg2 Be2+ 0-1